Sector de agua potable y saneamiento básico : (Registro nro. 3936)

Detalles MARC
000 -CABECERA
Campo de control 01047nam a2200241 a 4500
005 - FECHA Y HORA DE LA ULTIMA TRANSACCION
Campo de control 20160303092149.0
008 - ELEMENTOS DE LONGITUD FIJA—INFORMACION GENERAL
Campo de control 111103s2002 ck a gr 000 0 spa d
020 ## - ISBN
ISBN 9588137438
040 ## - FUENTE DE CATALOGACIÓN
Agencia catalogadora original CO-BoBLA
Agencia transcriptora CO-BoBLA
Agencia Modificadora Co-BoIAVH
041 0# - IDIOMA
Código de idioma para texto/pista de sonido o título separado Español
044 ## - PAÍS DE PUBLICACIÓN
País de publicación Colombia
082 04 - NUMERO DE CLASIFICACION DECIMAL DEWEY
Número de clasificación 628.15
Número del ítem M66s
110 1# - ASIENTO PRINCIPAL--NOMBRE CORPORATIVO
Nombre corporativo o de jurisdicción como elemento de entrada Colombia.
Unidad subordinad Ministerio de Desarrollo Económico.
9 (RLIN) 11961
245 10 - MENCION DE TITULO
Título Sector de agua potable y saneamiento básico :
Parte restante del título retos y resultados /
Mención de responsabilidad Ministerio de Desarrollo Económico, Dirección General de Agua Potable y Saneamiento Básico.
260 ## - PUBLICACION, DISTRIBUCION, ETC. (PIE DE IMPRENTA)
Lugar de publicación, distribución, etc. Bogotá :
Nombre del editor, distribuidor, etc. Ministerio de Desarrollo Económico,
Fecha de publicación, distribución, etc. 2002.
300 ## - DESCRIPCION FISICA
Extensión 582 páginas :
Otros detalles físicos Ilustraciones ;
Dimensiones 24 x 16 cm.
650 16 - ASIENTO SECUNDARIO DE MATERIA - TERMINO TEMATICO
Término temático o nombre geográfico como elemento de entrada Acueductos
Subdivisión general Planificación
Subdivisión geográfica Colombia.
9 (RLIN) 63407
650 24 - ASIENTO SECUNDARIO DE MATERIA - TERMINO TEMATICO
Término temático o nombre geográfico como elemento de entrada Alcantarillado
Subdivisión general Planificación
Subdivisión geográfica Colombia.
9 (RLIN) 63408
650 14 - ASIENTO SECUNDARIO DE MATERIA - TERMINO TEMATICO
Término temático o nombre geográfico como elemento de entrada Distribución del agua
Subdivisión general Planificación
Subdivisión geográfica Colombia.
9 (RLIN) 63409
650 24 - ASIENTO SECUNDARIO DE MATERIA - TERMINO TEMATICO
Término temático o nombre geográfico como elemento de entrada Saneamiento
Subdivisión general Planificación
Subdivisión geográfica Colombia.
9 (RLIN) 63410
710 2# - ASIENTO SECUNDARIO - NOMBRE CORPORATIVO
Nombre corporativo o de jurisdicción como elemento de entrada Dirección General de Agua Potable y Saneamiento Básico.
9 (RLIN) 63411
942 ## - ELEMENTOS ADICIONALES (KOHA)
Sistema de clasificación Dewey Decimal Classification
Tipo de ítem Libro
Existencias
Withdrawn status Lost status Sistema de Clasificación Damaged status No para préstamo Colección Inventariado Ubicación Permanente Ubicación actual Fecha de adquisición Fuente de Valor Valor Total Checkouts Número topográfico Inventario / Código de Barras Date last seen Ejemplar Price effective from Forma de adquisición Tipo de material
    Dewey Decimal Classification     General Inventariado 2017 Bogotá Bogotá 29/06/2004 Instituto 15000.00   LB-628.15 M66s 016174 04/12/2012 Ej. 1 04/12/2012   Libro